MODERN ORGANIC CHEMISTRY (Record no. 24652)
[ view plain ]
| 000 -LEADER | |
|---|---|
| fixed length control field | 00294nam a22001337a 4500 |
| 003 - CONTROL NUMBER IDENTIFIER | |
| control field | SGT |
| 020 ## - INTERNATIONAL STANDARD BOOK NUMBER | |
| International Standard Book Number | 81918771-0 |
| 082 ## - DEWEY DECIMAL CLASSIFICATION NUMBER | |
| Classification number | 547 |
| Item number | SIN |
| 100 ## - MAIN ENTRY--PERSONAL NAME | |
| Personal name | SINGH, JAGDAMBA |
| 245 ## - TITLE STATEMENT | |
| Title | MODERN ORGANIC CHEMISTRY |
| 260 ## - PUBLICATION, DISTRIBUTION, ETC. (IMPRINT) | |
| Place of publication, distribution, etc | INDIA |
| Name of publisher, distributor, etc | PARGATI PRAKASHAN |
| Year of Publication | 2020 |
| 300 ## - PAGE DESCRIPTION | |
| No. of Pages | 1264 |
| 942 ## - ADDED ENTRY ELEMENTS (KOHA) | |
| Source of classification or shelving scheme | Dewey Decimal Classification |
| Koha item type | Books |
| 942 ## - ADDED ENTRY ELEMENTS (KOHA) | |
| -- | 7 |
| Withdrawn status | Lost status | Source of classification or shelving scheme | Damaged status | Not for loan | Collection code | Home library | Current library | Shelving location | Date acquired | Vendor Name | Cost, normal purchase price | SGTU | Bill Number | Total Checkouts | Full call number | Accession No. (Barcode) | Date last seen | Date last borrowed | Bill Date | Koha item type |
|---|---|---|---|---|---|---|---|---|---|---|---|---|---|---|---|---|---|---|---|---|
| Dewey Decimal Classification | SCIENCE | SGT Science & Social Sciences Library | SGT Science & Social Sciences Library | Text Book | 02/08/2023 | ABC | 980.00 | SGTU | 16907 | 4 | 547 SIN | PS6897 | 01/09/2025 | 18/08/2025 | Books | |||||
| Dewey Decimal Classification | SCIENCE | SGT Science & Social Sciences Library | SGT Science & Social Sciences Library | Text Book | 02/08/2023 | ABC | 980.00 | SGTU | 16907 | 3 | 547 SIN | PS6898 | 28/03/2024 | 14/03/2024 | Books | |||||
| Dewey Decimal Classification | SCIENCE | SGT Science & Social Sciences Library | SGT Science & Social Sciences Library | Text Book | 02/08/2023 | ABC | 980.00 | SGTU | 16907 | 1 | 547 SIN | PS6899 | 31/10/2023 | 19/10/2023 | Books | |||||
| Dewey Decimal Classification | SCIENCE | SGT Science & Social Sciences Library | SGT Science & Social Sciences Library | Text Book | 02/08/2023 | ABC | 980.00 | SGTU | 16907 | 3 | 547 SIN | PS6900 | 29/09/2025 | 12/09/2025 | Books | |||||
| Dewey Decimal Classification | SCIENCE | SGT Science & Social Sciences Library | SGT Science & Social Sciences Library | Text Book | 02/08/2023 | ABC | 980.00 | SGTU | 16907 | 547 SIN | PS6901 | 02/08/2023 | Books |